| 000 | 00585nam a2200229 i 4500 | ||
|---|---|---|---|
| 001 | 87890 | ||
| 003 | ES-MaACL | ||
| 005 | 20230906175747.0 | ||
| 007 | t| | ||
| 008 | 041227s1987 fr ||||1| fre d | ||
| 020 | _a2-04-016617-3 | ||
| 100 | 1 |
_aLacoste, Jean. _969392 |
|
| 245 | 1 | 2 |
_aL'idée de beau / _cJean Lacoste. |
| 260 |
_aParis : _bBordas, _cD.L. 1987. |
||
| 300 |
_a191 p. ; _c18 cm. |
||
| 490 | 1 | _aPhilosophie | |
| 500 | _aIndice. | ||
| 504 | _aBibliografía. | ||
| 830 | 0 |
_aPhilosophie _9184047 |
|
| 852 |
_aES-MaACL _jL-12344 _bR.113505 |
||
| 999 |
_c87890 _d87890 |
||